<?xml version="1.0" encoding="UTF-8"?>
<record
    xmlns:xsi="http://www.w3.org/2001/XMLSchema-instance"
    xsi:schemaLocation="http://www.loc.gov/MARC21/slim http://www.loc.gov/standards/marcxml/schema/MARC21slim.xsd"
    xmlns="http://www.loc.gov/MARC21/slim">

  <leader>01527nam a22002777a 4500</leader>
  <controlfield tag="001">8092</controlfield>
  <controlfield tag="003">FISKH</controlfield>
  <controlfield tag="005">20251128081735.0</controlfield>
  <controlfield tag="008">250822b        cb ||||| |||| 00| 0 eng d</controlfield>
  <datafield tag="040" ind1=" " ind2=" ">
    <subfield code="a">FISKH</subfield>
    <subfield code="b">khr</subfield>
    <subfield code="c">FISKH</subfield>
    <subfield code="d">FISKH</subfield>
  </datafield>
  <datafield tag="050" ind1=" " ind2=" ">
    <subfield code="a">PZ7</subfield>
  </datafield>
  <datafield tag="082" ind1=" " ind2=" ">
    <subfield code="a">895.92</subfield>
  </datafield>
  <datafield tag="100" ind1=" " ind2=" ">
    <subfield code="a">Ministry of Education, Youth and Sports </subfield>
  </datafield>
  <datafield tag="245" ind1=" " ind2=" ">
    <subfield code="a">&#x1780;&#x17C6;&#x17A0;&#x17BB;&#x179F;&#x1781;&#x17D2;&#x1789;&#x17BB;&#x17C6; /</subfield>
    <subfield code="c">&#x1780;&#x17D2;&#x179A;&#x179F;&#x17BD;&#x1784;&#x17A2;&#x1794;&#x17CB;&#x179A;&#x17C6; &#x1799;&#x17BB;&#x179C;&#x1787;&#x1793; &#x1793;&#x17B7;&#x1784;&#x1780;&#x17B8;&#x17A1;&#x17B6;&#x200B;</subfield>
  </datafield>
  <datafield tag="260" ind1=" " ind2=" ">
    <subfield code="a">&#x1797;&#x17D2;&#x1793;&#x17C6;&#x1796;&#x17C1;&#x1789; :</subfield>
  </datafield>
  <datafield tag="300" ind1=" " ind2=" ">
    <subfield code="a">16 pages : </subfield>
    <subfield code="b">color illustrations ;</subfield>
    <subfield code="c">25 cm . </subfield>
  </datafield>
  <datafield tag="505" ind1=" " ind2=" ">
    <subfield code="a">J 
</subfield>
  </datafield>
  <datafield tag="520" ind1=" " ind2=" ">
    <subfield code="a">&#x1786;&#x17BE;&#x178F; &#x178E;&#x17B6;&#x179B;&#x17CB; &#x1793;&#x17B7;&#x1784;&#x178F;&#x17B8; &#x1787;&#x17B6;&#x1798;&#x17B7;&#x178F;&#x17D2;&#x178F;&#x179A;&#x17BD;&#x1798;&#x1790;&#x17D2;&#x1793;&#x17B6;&#x1780;&#x17CB;&#x200B; &#x17D4;&#x1786;&#x17BE;&#x178F;&#x1785;&#x17BC;&#x179B;&#x1785;&#x17B7;&#x178F;&#x17D2;&#x178F;&#x1794;&#x1793;&#x17D2;&#x179B;&#x17B6;&#x1785;&#x1782;&#x17C1;&#x17D4;&#x200B; &#x1790;&#x17D2;&#x1784;&#x17C3;&#x1798;&#x17BD;&#x1799;&#x1786;&#x17BE;&#x178F;&#x178F;&#x17D2;&#x179A;&#x17BC;&#x179C;&#x1796;&#x17C4;&#x17C7;&#x1785;&#x17BA;&#x1780; &#x178F;&#x17C2; &#x178E;&#x17B6;&#x179B;&#x17CB; &#x1793;&#x17B7;&#x1784;&#x178F;&#x17B8; &#x1798;&#x17B7;&#x1793;&#x1794;&#x17B6;&#x1793;&#x1787;&#x17BD;&#x1799;&#x1791;&#x17C1;&#x1796;&#x17D2;&#x179A;&#x17C4;&#x17C7;&#x1782;&#x17B7;&#x178F;&#x1790;&#x17B6;&#x1786;&#x17BE;&#x178F;&#x1793;&#x17B7;&#x1799;&#x17B6;&#x1799;&#x179B;&#x17C1;&#x1784;&#x17D4;&#x200B; &#x1786;&#x17BE;&#x178F;&#x1793;&#x17B7;&#x1784;&#x178F;&#x17B8;&#x1780;&#x17CF;&#x1793;&#x17BA;&#x1780;&#x179F;&#x17D2;&#x178F;&#x17B6;&#x1799;&#x1780;&#x17C6;&#x17A0;&#x17BB;&#x179F;&#x1798;&#x17B7;&#x1793;&#x1794;&#x17B6;&#x1793;&#x1787;&#x17BD;&#x1799;&#x1786;&#x17BE;&#x178F; &#x17D4;&#x200B; </subfield>
  </datafield>
  <datafield tag="520" ind1=" " ind2=" ">
    <subfield code="a">Chheut, Nal, and Tey were classmates and friends. Chheut liked to prank others.
One day, Chheut was bitten by a snake,  but Nal and Tey didn&#x2019;t help him because they thought he was joking.
Later, Nal and Tey regretted their mistake for not helping Chheut.</subfield>
  </datafield>
  <datafield tag="521" ind1="8" ind2=" ">
    <subfield code="a">500 
</subfield>
    <subfield code="b">Lexile estimate 
</subfield>
  </datafield>
  <datafield tag="521" ind1="8" ind2=" ">
    <subfield code="a">J 
</subfield>
    <subfield code="b">Raz-Plus 
</subfield>
  </datafield>
  <datafield tag="650" ind1=" " ind2=" ">
    <subfield code="a">&#x1780;&#x17C6;&#x17A0;&#x17BB;&#x179F;&#x1781;&#x17D2;&#x1789;&#x17BB;&#x17C6;</subfield>
  </datafield>
  <datafield tag="650" ind1=" " ind2=" ">
    <subfield code="a">My mistake </subfield>
  </datafield>
  <datafield tag="942" ind1=" " ind2=" ">
    <subfield code="2">ddc</subfield>
    <subfield code="c">KHB</subfield>
    <subfield code="n">0</subfield>
  </datafield>
  <datafield tag="999" ind1=" " ind2=" ">
    <subfield code="c">8092</subfield>
    <subfield code="d">8092</subfield>
  </datafield>
  <datafield tag="952" ind1=" " ind2=" ">
    <subfield code="0">0</subfield>
    <subfield code="1">0</subfield>
    <subfield code="2">ddc</subfield>
    <subfield code="4">0</subfield>
    <subfield code="7">0</subfield>
    <subfield code="8">KH</subfield>
    <subfield code="a">002</subfield>
    <subfield code="b">002</subfield>
    <subfield code="c">TTP Khmer</subfield>
    <subfield code="d">2025-08-22</subfield>
    <subfield code="l">0</subfield>
    <subfield code="o">MIN PZ7 895.92</subfield>
    <subfield code="p">2025-4220</subfield>
    <subfield code="r">2025-08-22 12:47:00</subfield>
    <subfield code="t">1</subfield>
    <subfield code="w">2025-08-22</subfield>
    <subfield code="y">BK</subfield>
  </datafield>
  <datafield tag="952" ind1=" " ind2=" ">
    <subfield code="0">0</subfield>
    <subfield code="1">0</subfield>
    <subfield code="2">ddc</subfield>
    <subfield code="4">0</subfield>
    <subfield code="7">0</subfield>
    <subfield code="8">KH</subfield>
    <subfield code="a">002</subfield>
    <subfield code="b">002</subfield>
    <subfield code="c">TTP Khmer</subfield>
    <subfield code="d">2025-10-08</subfield>
    <subfield code="l">0</subfield>
    <subfield code="o">MIN PZ7 895.92</subfield>
    <subfield code="p">FISBK03602</subfield>
    <subfield code="r">2025-10-08 12:33:00</subfield>
    <subfield code="t">2</subfield>
    <subfield code="w">2025-10-08</subfield>
    <subfield code="y">BK</subfield>
  </datafield>
  <datafield tag="952" ind1=" " ind2=" ">
    <subfield code="0">0</subfield>
    <subfield code="1">0</subfield>
    <subfield code="2">ddc</subfield>
    <subfield code="4">0</subfield>
    <subfield code="7">0</subfield>
    <subfield code="8">KH</subfield>
    <subfield code="a">002</subfield>
    <subfield code="b">002</subfield>
    <subfield code="c">TTP Khmer</subfield>
    <subfield code="d">2025-10-24</subfield>
    <subfield code="l">0</subfield>
    <subfield code="o">MIN PZ7 895.92</subfield>
    <subfield code="p">FISBK03569</subfield>
    <subfield code="r">2025-10-24 15:06:00</subfield>
    <subfield code="t">3</subfield>
    <subfield code="w">2025-10-24</subfield>
    <subfield code="y">BK</subfield>
  </datafield>
  <datafield tag="952" ind1=" " ind2=" ">
    <subfield code="0">0</subfield>
    <subfield code="1">0</subfield>
    <subfield code="2">ddc</subfield>
    <subfield code="4">0</subfield>
    <subfield code="7">0</subfield>
    <subfield code="8">KH</subfield>
    <subfield code="a">002</subfield>
    <subfield code="b">002</subfield>
    <subfield code="c">TTP Khmer</subfield>
    <subfield code="d">2025-10-24</subfield>
    <subfield code="l">0</subfield>
    <subfield code="o">MIN PZ7 895.92</subfield>
    <subfield code="p">FISBK03586</subfield>
    <subfield code="r">2025-10-24 15:06:00</subfield>
    <subfield code="t">4</subfield>
    <subfield code="w">2025-10-24</subfield>
    <subfield code="y">BK</subfield>
  </datafield>
  <datafield tag="952" ind1=" " ind2=" ">
    <subfield code="0">0</subfield>
    <subfield code="1">0</subfield>
    <subfield code="2">ddc</subfield>
    <subfield code="4">0</subfield>
    <subfield code="7">0</subfield>
    <subfield code="8">KH</subfield>
    <subfield code="a">002</subfield>
    <subfield code="b">002</subfield>
    <subfield code="c">TTP Khmer</subfield>
    <subfield code="d">2025-11-21</subfield>
    <subfield code="l">0</subfield>
    <subfield code="o">MIN PZ7 895.92</subfield>
    <subfield code="p">2025-4861</subfield>
    <subfield code="r">2025-11-21 09:46:00</subfield>
    <subfield code="t">5</subfield>
    <subfield code="w">2025-11-21</subfield>
    <subfield code="y">BK</subfield>
  </datafield>
  <datafield tag="952" ind1=" " ind2=" ">
    <subfield code="0">0</subfield>
    <subfield code="1">0</subfield>
    <subfield code="2">ddc</subfield>
    <subfield code="4">0</subfield>
    <subfield code="7">0</subfield>
    <subfield code="8">KH</subfield>
    <subfield code="a">002</subfield>
    <subfield code="b">002</subfield>
    <subfield code="c">TTP Khmer</subfield>
    <subfield code="d">2025-11-28</subfield>
    <subfield code="l">0</subfield>
    <subfield code="o">MIN PZ7 895.92</subfield>
    <subfield code="p">2025-4972</subfield>
    <subfield code="r">2025-11-28 08:16:00</subfield>
    <subfield code="t">6</subfield>
    <subfield code="w">2025-11-28</subfield>
    <subfield code="y">BK</subfield>
  </datafield>
  <datafield tag="952" ind1=" " ind2=" ">
    <subfield code="0">0</subfield>
    <subfield code="1">0</subfield>
    <subfield code="2">ddc</subfield>
    <subfield code="4">0</subfield>
    <subfield code="7">0</subfield>
    <subfield code="8">KH</subfield>
    <subfield code="a">002</subfield>
    <subfield code="b">002</subfield>
    <subfield code="c">TTP Khmer</subfield>
    <subfield code="d">2025-12-08</subfield>
    <subfield code="l">0</subfield>
    <subfield code="o">MIN PZ7 895.92</subfield>
    <subfield code="p">2025-5084</subfield>
    <subfield code="r">2025-12-08 15:36:59</subfield>
    <subfield code="t">7</subfield>
    <subfield code="w">2025-12-08</subfield>
    <subfield code="y">BK</subfield>
  </datafield>
  <datafield tag="952" ind1=" " ind2=" ">
    <subfield code="0">0</subfield>
    <subfield code="1">0</subfield>
    <subfield code="2">ddc</subfield>
    <subfield code="4">0</subfield>
    <subfield code="7">0</subfield>
    <subfield code="8">KH</subfield>
    <subfield code="a">002</subfield>
    <subfield code="b">002</subfield>
    <subfield code="c">TTP Khmer</subfield>
    <subfield code="d">2025-12-12</subfield>
    <subfield code="l">0</subfield>
    <subfield code="o">MIN PZ7 895.92</subfield>
    <subfield code="p">FIS04375</subfield>
    <subfield code="r">2025-12-12 08:15:30</subfield>
    <subfield code="t">8</subfield>
    <subfield code="w">2025-12-12</subfield>
    <subfield code="y">BK</subfield>
  </datafield>
  <datafield tag="952" ind1=" " ind2=" ">
    <subfield code="0">0</subfield>
    <subfield code="1">0</subfield>
    <subfield code="2">ddc</subfield>
    <subfield code="4">0</subfield>
    <subfield code="7">0</subfield>
    <subfield code="8">KH</subfield>
    <subfield code="a">002</subfield>
    <subfield code="b">002</subfield>
    <subfield code="c">TTP Khmer</subfield>
    <subfield code="d">2026-03-27</subfield>
    <subfield code="l">1</subfield>
    <subfield code="o">MIN PZ7 895.92</subfield>
    <subfield code="p">2026-0392</subfield>
    <subfield code="q">2026-04-15</subfield>
    <subfield code="r">2026-04-01 08:02:52</subfield>
    <subfield code="s">2026-04-01</subfield>
    <subfield code="t">9</subfield>
    <subfield code="w">2026-03-27</subfield>
    <subfield code="y">BK</subfield>
  </datafield>
  <datafield tag="952" ind1=" " ind2=" ">
    <subfield code="0">0</subfield>
    <subfield code="1">0</subfield>
    <subfield code="2">ddc</subfield>
    <subfield code="4">0</subfield>
    <subfield code="7">0</subfield>
    <subfield code="8">KH</subfield>
    <subfield code="a">002</subfield>
    <subfield code="b">002</subfield>
    <subfield code="c">TTP Khmer</subfield>
    <subfield code="d">2026-04-22</subfield>
    <subfield code="l">0</subfield>
    <subfield code="o">MIN PZ7 895.92</subfield>
    <subfield code="p">FISBK03599</subfield>
    <subfield code="r">2026-04-22 12:07:37</subfield>
    <subfield code="t">10</subfield>
    <subfield code="w">2026-04-22</subfield>
    <subfield code="y">BK</subfield>
  </datafield>
  <datafield tag="952" ind1=" " ind2=" ">
    <subfield code="0">0</subfield>
    <subfield code="1">0</subfield>
    <subfield code="2">ddc</subfield>
    <subfield code="4">0</subfield>
    <subfield code="7">0</subfield>
    <subfield code="8">KH</subfield>
    <subfield code="a">002</subfield>
    <subfield code="b">002</subfield>
    <subfield code="c">TTP Khmer</subfield>
    <subfield code="d">2026-04-22</subfield>
    <subfield code="l">0</subfield>
    <subfield code="o">MIN PZ7 895.92</subfield>
    <subfield code="p">FISBK03596</subfield>
    <subfield code="r">2026-04-22 12:08:31</subfield>
    <subfield code="t">11</subfield>
    <subfield code="w">2026-04-22</subfield>
    <subfield code="y">BK</subfield>
  </datafield>
</record>
